000 00426nam a22001817a 4500
003 MPLRDC
005 20220104113945.0
008 210129b ||||| |||| 00| 0 eng d
082 _a848.2 HCM-4
100 _a黄春明著
245 _a儿子的大玩偶
_c
250 _a再版
260 _a
_b大林出版社
_c1983
300 _b
490 _a大林文库;82
650 _a现代别集
942 _cBK
_o848.2 HCM-4
999 _c3686
_d3676